[Event "43. Olimpiada Batumi 2018 Femenina"]
[Site "Batumi GEO"]
[Date "2018.10.05"]
[Round "11.4"]
[White "Boshra, Alshaeby"]
[Black "Mbatha, Constance"]
[Result "1-0"]
[WhiteElo "1979"]
[BlackElo "1734"]
[PlyCount "113"]
[EventDate "2018.09.24"]
[EventType "team-swiss"]
[EventRounds "11"]
[EventCountry "GEO"]
[SourceTitle "Ajedrez en Madrid"]
[Source "lmi"]
[SourceDate "2018.09.24"]
[WhiteTeam "Jordan"]
[BlackTeam "Zambia"]
[WhiteTeamCountry "JOR"]
[BlackTeamCountry "ZAM"]

1. e4 e5 2. Nf3 Nc6 3. Bb5 a6 4. Ba4 Nf6 5. Qe2 Bc5 6. c3 O-O 7. O-O b5 8. Bb3
d6 9. d3 Bg4 10. h3 Bh5 11. Bg5 h6 12. Bxf6 Qxf6 13. Bd5 Ne7 14. Bxa8 Rxa8 15.
g4 Bg6 16. Nbd2 Nc6 17. b4 Bb6 18. a4 Re8 19. axb5 axb5 20. Rfe1 Qf4 21. Nf1
Rf8 22. Nh4 Ne7 23. Ng2 Qf6 24. Nfe3 Bh7 25. Rf1 g5 26. Nf5 Bxf5 27. gxf5 Kh7
28. Ne3 Qg7 29. Kh2 f6 30. Rfd1 Nc6 31. Nd5 Rb8 32. Ra6 Qf7 33. Rda1 Rb7 34.
Ra8 Ne7 35. Nxe7 Qxe7 36. Qh5 Qg7 37. Rd8 Ba7 38. Qe8 c5 39. Ra6 Re7 40. Qxb5
g4 41. h4 g3+ 42. fxg3 Qg4 43. Ra2 Rg7 44. Rg2 cxb4 45. Qe8 Rg8 46. Qxg8+ Qxg8
47. Rxg8 Kxg8 48. cxb4 Kf7 49. Rc2 Bd4 50. b5 Ke7 51. Rc7+ Ke8 52. Kh3 Be3 53.
Kg4 Bf2 54. Kh5 Bxg3 55. b6 Kd8 56. Rc6 Kd7 57. b7 1-0

[Event "43. Olimpiada Batumi 2018 Femenina"]
[Site "Batumi GEO"]
[Date "2018.10.05"]
[Round "11.1"]
[White "Ortez, Andrea"]
[Black "Nouman, Amna"]
[Result "0-1"]
[WhiteElo "1772"]
[BlackElo "1909"]
[PlyCount "76"]
[EventDate "2018.09.24"]
[EventType "team-swiss"]
[EventRounds "11"]
[EventCountry "GEO"]
[SourceTitle "Ajedrez en Madrid"]
[Source "lmi"]
[SourceDate "2018.09.24"]
[WhiteTeam "El Salvador"]
[BlackTeam "United Arab Emirates"]
[WhiteTeamCountry "ESA"]
[BlackTeamCountry "UAE"]

1. e4 e5 2. Nf3 Nc6 3. Bc4 Bc5 4. c3 Nf6 5. d3 d6 6. b4 Bb6 7. a4 a6 8. Bg5 h6
9. Bh4 Be6 10. Bb3 g5 11. Bg3 Bxb3 12. Qxb3 Qd7 13. a5 Ba7 14. Nbd2 O-O 15. Nc4
Kg7 16. Ne3 Bxe3 17. fxe3 Nh5 18. Bf2 f5 19. Nd2 Rf7 20. O-O f4 21. exf4 Nxf4
22. Qc4 Qg4 23. Bg3 Raf8 24. Bxf4 gxf4 25. Nf3 Kh7 26. b5 Rg7 27. Rf2 axb5 28.
Qxb5 Nd8 29. d4 exd4 30. cxd4 Kh8 31. e5 Rfg8 32. exd6 cxd6 33. Qb2 h5 34. a6
bxa6 35. Rxa6 Nf7 36. d5 h4 37. Ra7 Ne5 38. Nxe5 Qd1+ 0-1

[Event "43. Olimpiada Batumi 2018 Femenina"]
[Site "Batumi GEO"]
[Date "2018.10.05"]
[Round "11.2"]
[White "Al Maamari, Wafia Darwish"]
[Black "Hernandez, Bera"]
[Result "0-1"]
[WhiteElo "1774"]
[BlackElo "1778"]
[PlyCount "76"]
[EventDate "2018.09.24"]
[EventType "team-swiss"]
[EventRounds "11"]
[EventCountry "GEO"]
[SourceTitle "Ajedrez en Madrid"]
[Source "lmi"]
[SourceDate "2018.09.24"]
[WhiteTeam "United Arab Emirates"]
[BlackTeam "El Salvador"]
[WhiteTeamCountry "UAE"]
[BlackTeamCountry "ESA"]

1. e4 e5 2. Nf3 Nc6 3. Bc4 Bc5 4. d3 Nf6 5. Nbd2 d6 6. c3 a6 7. O-O Bb6 8. Bb3
h6 9. Nc4 Ba7 10. Ne3 g5 11. Nd5 Bg4 12. Ne3 Be6 13. Bxe6 fxe6 14. Qb3 Qc8 15.
a4 Ne7 16. Qc2 Ng6 17. b4 Qd7 18. Bb2 g4 19. Nd2 Nf4 20. Rfe1 h5 21. d4 Qg7 22.
dxe5 dxe5 23. c4 Bd4 24. c5 h4 25. Ndf1 Bxb2 26. Qxb2 Nd3 27. Qb3 Nxe1 28. Rxe1
Qf7 29. b5 g3 30. hxg3 h3 31. gxh3 Rxh3 32. Kg2 Rh6 33. bxa6 bxa6 34. Qb7 Rd8
35. Qxa6 Kf8 36. f3 Qh5 37. Qxe6 Qh1+ 38. Kf2 Nxe4+ 0-1

[Event "43. Olimpiada Batumi 2018 Femenina"]
[Site "Batumi GEO"]
[Date "2018.10.05"]
[Round "11.3"]
[White "Santos, Judith"]
[Black "Almaini, Aishah Sarhan"]
[Result "1-0"]
[WhiteElo "1702"]
[BlackElo "1490"]
[PlyCount "72"]
[EventDate "2018.09.24"]
[EventType "team-swiss"]
[EventRounds "11"]
[EventCountry "GEO"]
[SourceTitle "Ajedrez en Madrid"]
[Source "lmi"]
[SourceDate "2018.09.24"]
[WhiteTeam "El Salvador"]
[BlackTeam "United Arab Emirates"]
[WhiteTeamCountry "ESA"]
[BlackTeamCountry "UAE"]

1. e4 g6 2. d4 Bg7 3. Nf3 d6 4. h3 Nf6 5. Bd3 a6 6. O-O b5 7. Qe2 O-O 8. Be3
Nbd7 9. Nbd2 c5 10. c3 Qc7 11. Nh4 Bb7 12. f4 c4 13. Bc2 a5 14. a3 Ba6 15. Rfc1
Qb7 16. e5 dxe5 17. dxe5 Nd5 18. Be4 e6 19. Bf3 Qc7 20. Ne4 Rfd8 21. Nd6 Nc5
22. Rd1 Nd3 23. Bxd5 exd5 24. Rd2 Bf8 25. Qg4 Bxd6 26. exd6 Qxd6 27. f5 Bc8 28.
Rf1 Ne5 29. Qd4 f6 30. fxg6 hxg6 31. Nxg6 Nxg6 32. Rxf6 Qg3 33. Bf2 Qg5 34. Qb6
Bf5 35. Be3 Qg3 36. Rxf5 Qxe3+ 1-0

[Event "43. Olimpiada Batumi 2018 Femenina"]
[Site "Batumi GEO"]
[Date "2018.10.05"]
[Round "11.4"]
[White "Rouda Essa, Alserkal"]
[Black "Garcia Mendez, Alcira Guadalupe"]
[Result "0-1"]
[WhiteElo "1494"]
[BlackElo "1741"]
[PlyCount "114"]
[EventDate "2018.09.24"]
[EventType "team-swiss"]
[EventRounds "11"]
[EventCountry "GEO"]
[SourceTitle "Ajedrez en Madrid"]
[Source "lmi"]
[SourceDate "2018.09.24"]
[WhiteTeam "United Arab Emirates"]
[BlackTeam "El Salvador"]
[WhiteTeamCountry "UAE"]
[BlackTeamCountry "ESA"]

1. e4 e5 2. Nf3 Nc6 3. Bb5 Nd4 4. Ba4 Nxf3+ 5. Qxf3 Nf6 6. O-O c6 7. Re1 Bc5 8.
d3 d6 9. h3 O-O 10. Bg5 h6 11. Bd2 a5 12. c3 b5 13. Bd1 Nh7 14. Qg3 Kh8 15. Be3
Ba7 16. d4 f5 17. dxe5 dxe5 18. Qxe5 Bxe3 19. fxe3 Re8 20. Qc5 fxe4 21. Bc2 Qh4
22. Nd2 Ng5 23. Qd6 Bxh3 24. Qh2 Rad8 25. Nxe4 Nxe4 26. Bxe4 Qxe4 27. Qxh3 Rd3
28. Rad1 Rxd1 29. Rxd1 Qxe3+ 30. Qxe3 Rxe3 31. Kf2 Re6 32. Rd8+ Kh7 33. Ra8 a4
34. Rc8 h5 35. Rc7 Kh6 36. Rc8 g5 37. Rh8+ Kg6 38. Rg8+ Kf5 39. Rf8+ Rf6 40.
Rg8 Kg4+ 41. Ke2 h4 42. Rg7 Rf5 43. Rg6 c5 44. Rb6 c4 45. Rd6 Kg3 46. Rd4 Kxg2
47. Rg4+ Kh3 48. Rg1 g4 49. Rh1+ Kg3 50. Rg1+ Kf4 51. Rh1 h3 52. Rf1+ Kg5 53.
Rg1 h2 54. Rh1 g3 55. Ke3 Kg4 56. Ke2 Kh3 57. Ke3 g2 0-1

[Event "43. Olimpiada Batumi 2018 Femenina"]
[Site "Batumi GEO"]
[Date "2018.10.05"]
[Round "11.1"]
[White "Ptacnikova, Lenka"]
[Black "Silva Rosas, Natalia"]
[Result "1-0"]
[WhiteElo "2211"]
[BlackElo "1833"]
[PlyCount "81"]
[EventDate "2018.09.24"]
[EventType "team-swiss"]
[EventRounds "11"]
[EventCountry "GEO"]
[SourceTitle "Ajedrez en Madrid"]
[Source "lmi"]
[SourceDate "2018.09.24"]
[WhiteTeam "Iceland"]
[BlackTeam "Uruguay"]
[WhiteTeamCountry "ISL"]
[BlackTeamCountry "URU"]

1. c4 f5 2. g3 Nf6 3. Bg2 g6 4. Nc3 Bg7 5. d3 d6 6. e4 c6 7. Nge2 O-O 8. O-O
Na6 9. h3 e5 10. Be3 h6 11. Qd2 Kh7 12. exf5 gxf5 13. d4 Qe8 14. f4 e4 15. d5
c5 16. a3 Bd7 17. Rab1 Nc7 18. b4 b6 19. a4 Na6 20. bxc5 bxc5 21. Nb5 Bxb5 22.
axb5 Nb4 23. Nc3 Qg6 24. Ne2 h5 25. Kh1 Rg8 26. Bg1 h4 27. g4 Nxg4 28. hxg4
Qxg4 29. Kh2 Bc3 30. Nxc3 Rg6 31. Nxe4 fxe4 32. Bxe4 Qg3+ 33. Kh1 Kh8 34. Bxg6
Qxg6 35. f5 Qh5 36. Bh2 Rg8 37. Bxd6 h3 38. Qc3+ Kh7 39. Rb3 Qe2 40. Qxh3+ Kg7
41. Rg3+ 1-0

[Event "43. Olimpiada Batumi 2018 Femenina"]
[Site "Batumi GEO"]
[Date "2018.10.05"]
[Round "11.2"]
[White "Quevedo, Andreina"]
[Black "Thorsteinsdottir, Gudlaug"]
[Result "1/2-1/2"]
[WhiteElo "1809"]
[BlackElo "1981"]
[PlyCount "80"]
[EventDate "2018.09.24"]
[EventType "team-swiss"]
[EventRounds "11"]
[EventCountry "GEO"]
[SourceTitle "Ajedrez en Madrid"]
[Source "lmi"]
[SourceDate "2018.09.24"]
[WhiteTeam "Uruguay"]
[BlackTeam "Iceland"]
[WhiteTeamCountry "URU"]
[BlackTeamCountry "ISL"]

1. e4 e5 2. Nf3 Nf6 3. Nxe5 d6 4. Nf3 Nxe4 5. c4 Be7 6. d4 Bg4 7. Bd3 Nf6 8. h3
Bh5 9. Nc3 c6 10. O-O Na6 11. a3 Nc7 12. d5 cxd5 13. Nxd5 Ncxd5 14. cxd5 O-O
15. g4 Bg6 16. Bxg6 hxg6 17. Bg5 Qa5 18. Bxf6 Bxf6 19. b4 Qa6 20. Ra2 Qc4 21.
Re2 Qf4 22. Kg2 Rac8 23. Rc2 Qe4 24. Re2 Qf4 25. Rc2 Rfe8 26. Re1 Red8 27. Qd3
Bg5 28. Re4 Qf6 29. Rec4 Rxc4 30. Qxc4 Re8 31. Qc7 Re4 32. Qxb7 Rf4 33. Nxg5
Qxg5 34. Rc8+ Kh7 35. Qa8 Rxg4+ 36. hxg4 Qxg4+ 37. Kf1 Qd1+ 38. Kg2 Qg4+ 39.
Kh2 Qh4+ 40. Kg2 Qg4+ 1/2-1/2

[Event "43. Olimpiada Batumi 2018 Femenina"]
[Site "Batumi GEO"]
[Date "2018.10.05"]
[Round "11.3"]
[White "Davidsdottir, Nansy"]
[Black "Malan, Lucia"]
[Result "1/2-1/2"]
[WhiteElo "1945"]
[BlackElo "1785"]
[PlyCount "64"]
[EventDate "2018.09.24"]
[EventType "team-swiss"]
[EventRounds "11"]
[EventCountry "GEO"]
[SourceTitle "Ajedrez en Madrid"]
[Source "lmi"]
[SourceDate "2018.09.24"]
[WhiteTeam "Iceland"]
[BlackTeam "Uruguay"]
[WhiteTeamCountry "ISL"]
[BlackTeamCountry "URU"]

1. e4 c5 2. Nf3 d6 3. d4 cxd4 4. Nxd4 Nf6 5. Nc3 g6 6. Be3 Bg7 7. f3 Nc6 8. Qd2
O-O 9. O-O-O d5 10. exd5 Nxd5 11. Nxc6 bxc6 12. Bd4 Nxc3 13. Qxc3 Bxd4 14. Rxd4
Qb6 15. Bc4 Ba6 16. h4 Rad8 17. Rhd1 Bxc4 18. Qxc4 e5 19. Rxd8 Rxd8 20. Rxd8+
Qxd8 21. Qb4 Kg7 22. Qe4 Qa5 23. Qe3 f6 24. a3 Qa6 25. Kd2 Qa4 26. g3 Qa5+ 27.
Qc3 Qb6 28. Qe3 Qxe3+ 29. Kxe3 f5 30. Kd3 Kf6 31. b4 Ke6 32. a4 Kd6 1/2-1/2

[Event "43. Olimpiada Batumi 2018 Femenina"]
[Site "Batumi GEO"]
[Date "2018.10.05"]
[Round "11.4"]
[White "De Leon, Daiana"]
[Black "Johannsdottir, Johanna Bjorg"]
[Result "0-1"]
[WhiteElo "1633"]
[BlackElo "1900"]
[PlyCount "74"]
[EventDate "2018.09.24"]
[EventType "team-swiss"]
[EventRounds "11"]
[EventCountry "GEO"]
[SourceTitle "Ajedrez en Madrid"]
[Source "lmi"]
[SourceDate "2018.09.24"]
[WhiteTeam "Uruguay"]
[BlackTeam "Iceland"]
[WhiteTeamCountry "URU"]
[BlackTeamCountry "ISL"]

1. d4 Nf6 2. c4 g6 3. Nc3 Bg7 4. e4 d6 5. f3 a6 6. Be3 c6 7. Qd2 b5 8. a3 Nbd7
9. Bd3 Rb8 10. Nge2 e5 11. d5 bxc4 12. Bxc4 Nb6 13. Ba2 cxd5 14. exd5 Bb7 15.
O-O O-O 16. Rac1 Rc8 17. b4 Nc4 18. Bxc4 Rxc4 19. Qd3 Rc8 20. b5 Qa5 21. a4 Ne8
22. b6 f5 23. Rb1 e4 24. Nxe4 fxe4 25. fxe4 Rxf1+ 26. Rxf1 Qxa4 27. Bd4 Qd7 28.
Ra1 Bxd4+ 29. Nxd4 Nf6 30. Ne6 Ng4 31. Nc7 Rf8 32. Nxa6 Qf7 33. Qf3 Qg7 34.
Qxf8+ Qxf8 35. Rf1 Qxf1+ 36. Kxf1 Bxa6+ 37. Kg1 Kf7 0-1

[Event "43. Olimpiada Batumi 2018 Femenina"]
[Site "Batumi GEO"]
[Date "2018.10.05"]
[Round "11.1"]
[White "Maksimovic, Masa"]
[Black "Rodriguez Arrieta, Maria Elena"]
[Result "1/2-1/2"]
[WhiteElo "2130"]
[BlackElo "1943"]
[PlyCount "62"]
[EventDate "2018.09.24"]
[EventType "team-swiss"]
[EventRounds "11"]
[EventCountry "GEO"]
[SourceTitle "Ajedrez en Madrid"]
[Source "lmi"]
[SourceDate "2018.09.24"]
[WhiteTeam "Bosnia & Herzegovina"]
[BlackTeam "Costa Rica"]
[WhiteTeamCountry "BIH"]
[BlackTeamCountry "CRI"]

1. e4 e5 2. Nf3 Nc6 3. Bb5 a6 4. Ba4 Nf6 5. O-O Be7 6. Re1 b5 7. Bb3 d6 8. c3
O-O 9. h3 Nb8 10. d4 Nbd7 11. Nbd2 Re8 12. Ng5 d5 13. exd5 Bd6 14. dxe5 Rxe5
15. Rxe5 Nxe5 16. Nf1 Bb7 17. a4 Qe8 18. Ne3 h6 19. Nf3 Nxf3+ 20. Qxf3 Qe5 21.
Nf1 Re8 22. axb5 axb5 23. Bd2 Bxd5 24. Bxd5 Qxd5 25. Qxd5 Nxd5 26. Ne3 Nxe3 27.
Bxe3 Kf8 28. Kf1 Ke7 29. Bd4 f6 30. Re1+ Kd7 31. Rxe8 Kxe8 1/2-1/2

[Event "43. Olimpiada Batumi 2018 Femenina"]
[Site "Batumi GEO"]
[Date "2018.10.05"]
[Round "11.2"]
[White "Gamboa Alvarado, Olga Leticia"]
[Black "Jacimovic, Sara"]
[Result "0-1"]
[WhiteElo "1869"]
[BlackElo "1960"]
[PlyCount "116"]
[EventDate "2018.09.24"]
[EventType "team-swiss"]
[EventRounds "11"]
[EventCountry "GEO"]
[SourceTitle "Ajedrez en Madrid"]
[Source "lmi"]
[SourceDate "2018.09.24"]
[WhiteTeam "Costa Rica"]
[BlackTeam "Bosnia & Herzegovina"]
[WhiteTeamCountry "CRI"]
[BlackTeamCountry "BIH"]

1. d4 Nf6 2. c4 g6 3. Nc3 Bg7 4. Bg5 d6 5. e3 O-O 6. Nf3 Nbd7 7. Qc2 c6 8. Bd3
Qc7 9. O-O e5 10. Nd2 Re8 11. Rae1 a6 12. f4 exd4 13. exd4 Rxe1 14. Rxe1 Nh5
15. Re8+ Nf8 16. Ne2 h6 17. Bh4 d5 18. Re7 Bd7 19. f5 g5 20. Bf2 Nf4 21. Nxf4
Qxf4 22. Nb3 Bf6 23. Re3 g4 24. g3 Qd6 25. c5 Qc7 26. Qd1 h5 27. h3 gxh3 28.
Qxh5 Nh7 29. Qxh3 Kg7 30. g4 Rh8 31. Qg3 Qd8 32. Qd6 Ng5 33. Kg2 Rh6 34. Qf4
Qh8 35. Bg1 Rh3 36. Rg3 Rh1 37. Qe3 Bc8 38. Nd2 Kf8 39. Nf3 Nxf3 40. Rxf3 Rh4
41. Rg3 Qg8 42. Be2 Kg7 43. Rh3 Qd8 44. b4 Bg5 45. Qd3 Rxh3 46. Qxh3 Qe7 47.
Qd3 Qe8 48. Bh2 f6 49. Bg3 Qe3 50. Qxe3 Bxe3 51. Bf2 Bd2 52. Kg3 Bxb4 53. Kh4
Bd2 54. Kh5 Bg5 55. Bh4 Be3 56. g5 Bxf5 57. gxf6+ Kf7 58. Bg4 Bg6# 0-1

[Event "43. Olimpiada Batumi 2018 Femenina"]
[Site "Batumi GEO"]
[Date "2018.10.05"]
[Round "11.3"]
[White "Tomic, Jelena"]
[Black "Salazar Gould, Melanie"]
[Result "1/2-1/2"]
[WhiteElo "1921"]
[BlackElo "1926"]
[PlyCount "78"]
[EventDate "2018.09.24"]
[EventType "team-swiss"]
[EventRounds "11"]
[EventCountry "GEO"]
[SourceTitle "Ajedrez en Madrid"]
[Source "lmi"]
[SourceDate "2018.09.24"]
[WhiteTeam "Bosnia & Herzegovina"]
[BlackTeam "Costa Rica"]
[WhiteTeamCountry "BIH"]
[BlackTeamCountry "CRI"]

1. e4 e6 2. d4 d5 3. e5 c5 4. c3 Nc6 5. Nf3 Nge7 6. Bd3 cxd4 7. cxd4 Nf5 8.
Bxf5 exf5 9. O-O Be6 10. Be3 Be7 11. Nc3 O-O 12. Ne1 g5 13. f4 g4 14. Nd3 Kh8
15. Na4 b6 16. Nc3 Na5 17. b3 Rg8 18. Rc1 Rc8 19. Qe2 Qe8 20. Na4 Ba3 21. Rxc8
Qxc8 22. b4 Nc4 23. Bf2 Qa6 24. Nc3 Rc8 25. Nb1 Nb2 26. b5 Qxb5 27. Nxa3 Qxd3
28. Qxb2 Rc3 29. Nb5 Rc2 30. Qb4 Kg7 31. Nd6 Bd7 32. Nb7 Bb5 33. Re1 Rxa2 34.
Nd6 Qc2 35. Nxf5+ Kg8 36. Nh6+ Kg7 37. Nxg4 Bd7 38. f5 Bxf5 39. Qe7 Bxg4
1/2-1/2

[Event "43. Olimpiada Batumi 2018 Femenina"]
[Site "Batumi GEO"]
[Date "2018.10.05"]
[Round "11.4"]
[White "Morera Campos, Yanori Maria"]
[Black "Tomic, Vladanka"]
[Result "1-0"]
[WhiteElo "1907"]
[BlackElo "1862"]
[PlyCount "47"]
[EventDate "2018.09.24"]
[EventType "team-swiss"]
[EventRounds "11"]
[EventCountry "GEO"]
[SourceTitle "Ajedrez en Madrid"]
[Source "lmi"]
[SourceDate "2018.09.24"]
[WhiteTeam "Costa Rica"]
[BlackTeam "Bosnia & Herzegovina"]
[WhiteTeamCountry "CRI"]
[BlackTeamCountry "BIH"]

1. e4 e5 2. Nf3 Nc6 3. Bb5 a6 4. Ba4 Nf6 5. d3 b5 6. Bb3 Be7 7. O-O d6 8. a4
Bb7 9. axb5 axb5 10. Rxa8 Bxa8 11. Nc3 Qb8 12. d4 exd4 13. Nxd4 Nxd4 14. Qxd4
c5 15. Qe3 c4 16. Ba2 O-O 17. f3 Rd8 18. Rd1 Bf8 19. Nd5 Nxd5 20. exd5 Re8 21.
Qf2 Re5 22. Bf4 Rxd5 23. Ra1 Rc5 24. Qxc5 1-0

[Event "43. Olimpiada Batumi 2018 Femenina"]
[Site "Batumi GEO"]
[Date "2018.10.05"]
[Round "11.1"]
[White "February, Jesse Nikki"]
[Black "Mutesi, Phiona"]
[Result "1-0"]
[WhiteElo "1933"]
[BlackElo "1637"]
[PlyCount "27"]
[EventDate "2018.09.24"]
[EventType "team-swiss"]
[EventRounds "11"]
[EventCountry "GEO"]
[SourceTitle "Ajedrez en Madrid"]
[Source "lmi"]
[SourceDate "2018.09.24"]
[WhiteTeam "South Africa"]
[BlackTeam "Uganda"]
[WhiteTeamCountry "RSA"]
[BlackTeamCountry "UGA"]

1. e4 e6 2. Nf3 d5 3. Nc3 Nf6 4. e5 Nfd7 5. d4 c5 6. dxc5 Bxc5 7. Bd3 O-O 8.
Bxh7+ Kh8 9. Ng5 Nxe5 10. Qh5 g6 11. Bxg6+ Kg7 12. Qh7+ Kf6 13. Nge4+ dxe4 14.
Nxe4+ 1-0

[Event "43. Olimpiada Batumi 2018 Femenina"]
[Site "Batumi GEO"]
[Date "2018.10.05"]
[Round "11.2"]
[White "Namaganda, Christine"]
[Black "Bouah, Denise"]
[Result "0-1"]
[WhiteElo "1581"]
[BlackElo "1780"]
[PlyCount "80"]
[EventDate "2018.09.24"]
[EventType "team-swiss"]
[EventRounds "11"]
[EventCountry "GEO"]
[SourceTitle "Ajedrez en Madrid"]
[Source "lmi"]
[SourceDate "2018.09.24"]
[WhiteTeam "Uganda"]
[BlackTeam "South Africa"]
[WhiteTeamCountry "UGA"]
[BlackTeamCountry "RSA"]

1. d4 Nf6 2. Nf3 g6 3. e3 Bg7 4. Bd3 O-O 5. Nbd2 d5 6. b3 c5 7. Bb2 cxd4 8.
exd4 Nc6 9. O-O Nb4 10. Ne5 Nxd3 11. Nxd3 Bf5 12. Nf3 Rc8 13. Nh4 Bg4 14. f3
Bd7 15. g4 Qc7 16. Rf2 b6 17. Ng2 Ne8 18. Ne3 e6 19. Ne5 Nd6 20. Ba3 Rfe8 21.
Bb2 Bb5 22. a4 Ba6 23. Nd3 Bh6 24. Ng2 Qd8 25. Bc1 Bg7 26. Bb2 Re7 27. Ngf4
Rec7 28. Nb4 Bb7 29. Nfd3 a5 30. Na2 Ba6 31. Nac1 Bh6 32. Kg2 Qg5 33. Kh1 Qh4
34. Kg2 f5 35. h3 Nf7 36. f4 Nd6 37. Qf3 Ne4 38. Re2 Rxc2 39. Rxc2 Rxc2+ 40.
Ne2 Bxd3 0-1

[Event "43. Olimpiada Batumi 2018 Femenina"]
[Site "Batumi GEO"]
[Date "2018.10.05"]
[Round "11.3"]
[White "Fisher, Michelle M"]
[Black "Nakabo, Peninah"]
[Result "0-1"]
[WhiteElo "1707"]
[BlackElo "1581"]
[PlyCount "94"]
[EventDate "2018.09.24"]
[EventType "team-swiss"]
[EventRounds "11"]
[EventCountry "GEO"]
[SourceTitle "Ajedrez en Madrid"]
[Source "lmi"]
[SourceDate "2018.09.24"]
[WhiteTeam "South Africa"]
[BlackTeam "Uganda"]
[WhiteTeamCountry "RSA"]
[BlackTeamCountry "UGA"]

1. e4 d5 2. exd5 Nf6 3. d4 Bg4 4. Be2 Bxe2 5. Nxe2 Qxd5 6. O-O e6 7. Nbc3 Qh5
8. Ng3 Qxd1 9. Rxd1 Bd6 10. Nge4 Nxe4 11. Nxe4 O-O 12. d5 e5 13. c4 Nd7 14. Be3
b6 15. Rac1 f5 16. Nxd6 cxd6 17. f4 e4 18. b4 Rfc8 19. Rc3 a5 20. a3 axb4 21.
axb4 Ra4 22. Rb1 Kf7 23. h3 h5 24. Bd4 g6 25. Rbb3 Ke7 26. Bf2 Ra1+ 27. Kh2 Ra2
28. Be3 Rc7 29. Bc1 Rca7 30. Ra3 R7xa3 31. Bxa3 Rd2 32. Bc1 Ra2 33. Be3 Ra4 34.
Rb3 Ra2 35. Kg3 Rc2 36. c5 dxc5 37. bxc5 bxc5 38. Rb7 Kd6 39. Ra7 Rc3 40. Kf2
Rb3 41. Ra6+ Rb6 42. Ra7 Nb8 43. Ra2 Kxd5 44. Rd2+ Kc6 45. Rc2 Na6 46. Ke2 Rb3
47. Rd2 Rb2 0-1

[Event "43. Olimpiada Batumi 2018 Femenina"]
[Site "Batumi GEO"]
[Date "2018.10.05"]
[Round "11.4"]
[White "Nansubuga, Gloria"]
[Black "Van Zyl, Charlize"]
[Result "1/2-1/2"]
[WhiteElo "1415"]
[BlackElo "1664"]
[PlyCount "63"]
[EventDate "2018.09.24"]
[EventType "team-swiss"]
[EventRounds "11"]
[EventCountry "GEO"]
[SourceTitle "Ajedrez en Madrid"]
[Source "lmi"]
[SourceDate "2018.09.24"]
[WhiteTeam "Uganda"]
[BlackTeam "South Africa"]
[WhiteTeamCountry "UGA"]
[BlackTeamCountry "RSA"]

1. Nf3 Nf6 2. c4 d5 3. g3 g6 4. Bg2 Bg7 5. d3 O-O 6. O-O c5 7. Bg5 Nc6 8. Qd2
dxc4 9. dxc4 Ne4 10. Qxd8 Rxd8 11. Bc1 Na5 12. Nfd2 Nxd2 13. Nxd2 Be6 14. Nb3
Nxb3 15. axb3 Rd7 16. Ra5 a6 17. Rxc5 Rad8 18. Be4 Bh3 19. Bg2 Bf5 20. Rd5 Bc2
21. b4 Bb3 22. Rxd7 Rxd7 23. c5 Ba4 24. Re1 Bc6 25. Bxc6 bxc6 26. Be3 Bxb2 27.
Rb1 Bc3 28. Rb3 Be1 29. Rb1 Bc3 30. Rb3 Be1 31. Rb1 Bc3 32. Rb3 1/2-1/2

[Event "43. Olimpiada Batumi 2018 Femenina"]
[Site "Batumi GEO"]
[Date "2018.10.05"]
[Round "11.1"]
[White "Goossens, Hanne"]
[Black "Cordero, Daniela"]
[Result "0-1"]
[WhiteElo "2220"]
[BlackElo "2082"]
[PlyCount "48"]
[EventDate "2018.09.24"]
[EventType "team-swiss"]
[EventRounds "11"]
[EventCountry "GEO"]
[SourceTitle "Ajedrez en Madrid"]
[Source "lmi"]
[SourceDate "2018.09.24"]
[WhiteTeam "Belgium"]
[BlackTeam "Bolivia"]
[WhiteTeamCountry "BEL"]
[BlackTeamCountry "BOL"]

1. e4 e6 2. d4 d5 3. e5 c5 4. c3 Nc6 5. Nf3 Nge7 6. Na3 cxd4 7. cxd4 Nf5 8. Nc2
Qb6 9. Bd3 Bb4+ 10. Kf1 Be7 11. g4 Nh4 12. Nxh4 Bxh4 13. g5 Nxe5 14. Be2 Ng6
15. Bd3 e5 16. Ne3 O-O 17. Bf5 exd4 18. Bxc8 dxe3 19. Bf5 Bxf2 20. Bd3 Nf4 21.
h4 Rae8 22. Be2 d4 23. a4 d3 24. Bxd3 Nxd3 0-1

[Event "43. Olimpiada Batumi 2018 Femenina"]
[Site "Batumi GEO"]
[Date "2018.10.05"]
[Round "11.2"]
[White "Ramirez, Maria Eugenia"]
[Black "Vanduyfhuys, Daria"]
[Result "1-0"]
[WhiteElo "2052"]
[BlackElo "2058"]
[PlyCount "73"]
[EventDate "2018.09.24"]
[EventType "team-swiss"]
[EventRounds "11"]
[EventCountry "GEO"]
[SourceTitle "Ajedrez en Madrid"]
[Source "lmi"]
[SourceDate "2018.09.24"]
[WhiteTeam "Bolivia"]
[BlackTeam "Belgium"]
[WhiteTeamCountry "BOL"]
[BlackTeamCountry "BEL"]

1. e4 c5 2. c3 d5 3. exd5 Qxd5 4. d4 Nf6 5. Nf3 e6 6. Na3 Qd8 7. Bg5 Nc6 8.
dxc5 Qxd1+ 9. Rxd1 Bxc5 10. Nb5 Bb6 11. Bxf6 gxf6 12. Bd3 a6 13. Nd6+ Ke7 14.
Bc2 f5 15. O-O Rd8 16. Nc4 Rxd1 17. Rxd1 Bc7 18. Re1 Kf6 19. Ne3 Ne7 20. Rd1 b5
21. h4 Bb7 22. Rd7 Rc8 23. Ng5 h6 24. Nh7+ Kg7 25. Rxe7 Be4 26. Bb3 f4 27. Bxe6
fxe3 28. Bxc8 exf2+ 29. Kxf2 Bb6+ 30. Kg3 Bxh7 31. Bxa6 Bc5 32. Rb7 Be4 33.
Rxb5 Bd6+ 34. Kf2 Bc6 35. Rf5 Kg6 36. Bd3 Kg7 37. b4 1-0

[Event "43. Olimpiada Batumi 2018 Femenina"]
[Site "Batumi GEO"]
[Date "2018.10.05"]
[Round "11.3"]
[White "Barbier, Wiebke"]
[Black "Monroy G., Nataly A"]
[Result "1-0"]
[WhiteElo "1998"]
[BlackElo "1961"]
[PlyCount "73"]
[EventDate "2018.09.24"]
[EventType "team-swiss"]
[EventRounds "11"]
[EventCountry "GEO"]
[SourceTitle "Ajedrez en Madrid"]
[Source "lmi"]
[SourceDate "2018.09.24"]
[WhiteTeam "Belgium"]
[BlackTeam "Bolivia"]
[WhiteTeamCountry "BEL"]
[BlackTeamCountry "BOL"]

1. e4 c5 2. d3 Nc6 3. Be2 g6 4. f4 Bg7 5. c3 e6 6. Nf3 Nge7 7. O-O O-O 8. Na3
b6 9. Qe1 d6 10. Nc2 f5 11. Qh4 h6 12. Bd2 Ba6 13. Rae1 Qd7 14. Qg3 Qe8 15. a3
Rd8 16. e5 d5 17. d4 Bxe2 18. Rxe2 c4 19. Be1 b5 20. Qh3 Rd7 21. Bh4 Nd8 22.
Ne3 Nf7 23. g4 Nh8 24. Rg2 Qf7 25. Bg5 Nc6 26. gxf5 exf5 27. Bxh6 Nd8 28. Ng5
Qe7 29. Bxg7 Qxg7 30. Qf3 Nhf7 31. Nxd5 Nxg5 32. Rxg5 Ne6 33. Rg2 Kf7 34. Nf6
Rc7 35. d5 Nc5 36. d6 Rcc8 37. Qd5+ 1-0